Представление документа в формате RUSMARC

ПолеНазваниеЗначение
  Тип записи a
  Библиографический уровень a
001 Контрольный номер UONB/MAIN/24a55ffbeecd4541a8268de9f5b20c24
005 Дата корректировки 20260514144604.0
100 Данные общей обработки __
a Данные общей обработки 20260514 ||| 0rusy0189 ca
101 Язык документа 0_
a Язык текста rus
102 Страна публикации __
a Страна публикации RU
200 Заглавие и сведения об ответственности 1_
a Заглавие Жизнь дана на добрые дела
f Первые сведения об ответственности И. Лёшина
203 Вид содержания и тип средства __
a Вид содержания Текст
b Характеристика содержания визуальный
c Тип средства непосредственный
215 Физическое описание __
c Иллюстрации/тип воспроизводства ил., портр.
330 Аннотация __
a Аннотация Анна Николаевна Латышкина, уроженка села Каргино, ветеран педагогического труда.
461 Уровень набора _0
1 2000
a Вешкаймские вести
463 Уровень физической единицы _0
1 2000
a № 6 (9789) (11 февраля)
v С. 1, 4
1 2101
d 2026
1 001UONB/MAIN/7e26399cf0b04ae4a98109618053e74a
600 Персоналии _1
a Персоналии (Фамилия) Латышкина
b Персоналии (Имя, инициалы) А. Н.
g Полное имя Анна Николаевна
607 Географические рубрики __
a Географическое наименование Мордовский Белый Ключ, село (Вешкаймский район ; Ульяновская область)
607 Географические рубрики __
a Географическое наименование Каргино, село (Вешкаймский район ; Ульяновская область)
610 Ключевые слова 0_
a Ключевые слова учителя; ветераны педагогического труда
686 Индексы других классификаций __
2 Код системы rubbk
a Классификационный индекс 74
a Классификационный индекс
700 Автор _1
a Фамилия Лёшина
b Имя (инициалы) И.
g Полное личное имя Ирина
801 Источник записи _0
a Страна RU
b Организация Ульяновская ОНБ
c Дата составления 20260514
g Правила каталогизации RCR
801 Источник записи _1
a Страна RU
b Организация Ульяновская ОНБ
c Дата составления 20260514
g Правила каталогизации RCR
901 Тип документа __
t Тип документа f
w Контрольный № источника UONB/MAIN/7e26399cf0b04ae4a98109618053e74a
909 Создатель записи __
a Создатель записи Логинова
b Дата создания записи 20260514